000 01025cab a22002295a 4500
001 L159256
008 160405e2016 xxk 000 0 eng d
035 _a(Sirsi) u159256
041 0 _aeng
100 1 _aBranson, David
245 0 0 _aEnd of a century (Part 1)
260 _c2016
490 _aNew Law Journal
_v166 (7692), 25 March 2016, 10-11(2)
520 _aDiscusses civil and criminal liability for breaches of health and safety following the implementation of the Enterprise and Regulatory Reform Act 2013. Civil liability is based on comon law negligence whilst criminal liability is based on statute law with Health and Safety at Work Act 1974 and subordinate legislation passed under it. Includes discussion of and reference to key health and safety cases.s
650 2 4 _aENTERPRISE AND REGULATORY REFORM ACT 2013
650 2 4 _aHEALTH AND SAFETY AT WORK ETC ACT 1974
650 2 4 _aCIVIL LAW
650 2 4 _aCRIMINAL LAW
651 4 _aUnited Kingdom
_y
690 _aHealth and safety
_96244
942 _n0
999 _c84847
_d84847